پیام روح / (Record no. 106764)

MARC details
000 -LEADER
fixed length control field 00779nam a22002537a 4500
005 - DATE AND TIME OF LATEST TRANSACTION
control field 20170123162316.0
010 ## - LIBRARY OF CONGRESS CONTROL NUMBER
LC control number 079539
020 ## - INTERNATIONAL STANDARD BOOK NUMBER
Terms of availability 00.00
035 ## - SYSTEM CONTROL NUMBER
System control number 079539
037 ## - SOURCE OF ACQUISITION
Source of stock number/acquisition Cen Lib/Ret
040 ## - CATALOGING SOURCE
Original cataloging agency DPL
Language of cataloging UR
082 ## - DEWEY DECIMAL CLASSIFICATION NUMBER
Classification number 841
Item number ح ا م
100 ## - MAIN ENTRY--PERSONAL NAME
Personal name حامد اللہ افسر
9 (RLIN) 114813
245 ## - TITLE STATEMENT
Title پیام روح /
Statement of responsibility, etc حامد اللہ افسر
246 ## - VARYING FORM OF TITLE
Title proper/short title Pyam ruh /
Remainder of title by Hamidulla Afsar
260 ## - PUBLICATION, DISTRIBUTION, ETC. (IMPRINT)
Place of publication, distribution, etc دہلی
Name of publisher, distributor, etc مکتبہ جامہ لمٹ.
Date of publication, distribution, etc [s.n.]
270 ## - ADDRESS
City دہلی
Postal code 110006
Address اردو بازار
300 ## - PHYSICAL DESCRIPTION
Extent 242p.
Dimensions 21cm(Hb)
650 ## - SUBJECT ADDED ENTRY--TOPICAL TERM
Topical term or geographic name as entry element ادب - اردو
9 (RLIN) 114814
650 ## - SUBJECT ADDED ENTRY--TOPICAL TERM
Topical term or geographic name as entry element اردو شاعری
9 (RLIN) 462
650 ## - SUBJECT ADDED ENTRY--TOPICAL TERM
Topical term or geographic name as entry element Literature -- Urdu
9 (RLIN) 114815
650 ## - SUBJECT ADDED ENTRY--TOPICAL TERM
Topical term or geographic name as entry element Urdu poetry
9 (RLIN) 114816
942 ## - ADDED ENTRY ELEMENTS (KOHA)
Source of classification or shelving scheme Dewey Decimal Classification
Koha item type Urdu Bks
Classification part 841
Call number suffix ح ا م
Holdings
Withdrawn status Lost status Damaged status Not for loan Home library Current library Date acquired Source of acquisition Cost, normal purchase price Total Checkouts Full call number Barcode Date last seen Copy number Cost, replacement price Price effective from Koha item type
        Central Library Central Library 29/12/2015 Cen Lib/Ret 0.00   841 ح ا م 079539 29/12/2015 1 0.00 29/12/2015 Urdu Bks

© Delhi Public Library
Hit Counter
free hit counter